Comedies of the Last 25 Years Quiz Stats

 Plays Quiz Updated Jan 1, 2019

Challenge
Share
Tweet
Score 0/25 Timer 08:00
3 Plays Today
% Correct
Ted
97.1%
The Hangover
93.7%
Mean Girls
90.1%
The 40-Year-Old Virgin
89.8%
Zoolander
89.7%
American Pie
86.3%
Happy Gilmore
84.6%
Flubber
80.4%
Tropic Thunder
79.7%
Ghostbusters
79.3%
Superbad
78.8%
The Big Lebowski
78%
Kick-Ass
73.3%
% Correct
Talladega Nights: The Ballad of Ricky Bobby
69.7%
Crazy Rich Asians
67.5%
Horrible Bosses
66.5%
Bring It On
66.4%
The Interview
63.5%
Trainwreck
63.2%
Clerks
59%
Daddy Day Care
56.4%
The Heat
56.1%
Tommy Boy
52.8%
The Hot Chick
32.3%
Rough Night
18.9%

You're not logged in!

Compare scores with friends on all Sporcle quizzes.
OR
Log In

You Might Also Like...

Show Comments

Extras

Top Quizzes Today


Score Distribution

Your Account Isn't Verified!

In order to create a playlist on Sporcle, you need to verify the email address you used during registration. Go to your Sporcle Settings to finish the process.

Report this User

Report this user for behavior that violates our Community Guidelines.

Details: